Promoting enterprise-led innovation in China / (Record no. 14995)

000 -LEADER
fixed length control field 00708cam a2200229 a 4500
020 ## - INTERNATIONAL STANDARD BOOK NUMBER
ISBN 9780821377536
020 ## - INTERNATIONAL STANDARD BOOK NUMBER
ISBN 0821377531
020 ## - INTERNATIONAL STANDARD BOOK NUMBER
ISBN 9780821379394 (electronic)
020 ## - INTERNATIONAL STANDARD BOOK NUMBER
ISBN 0821379399 (electronic)
040 ## - CATALOGING SOURCE
Transcribing agency DLC
082 00 - DEWEY DECIMAL CLASSIFICATION NUMBER
Classification number 338 WOR 2009 A072 Or.
245 00 - TITLE STATEMENT
Title Promoting enterprise-led innovation in China /
260 ## - PUBLICATION, DISTRIBUTION, ETC. (IMPRINT)
Place of publication Washington, DC :
Name of publisher World Bank,
Year of publication c2009.
300 ## - PHYSICAL DESCRIPTION
Number of Pages xxii, 142 p. :
Other physical details ill. ;
Dimensions 23 cm.
490 1# - SERIES STATEMENT
Series statement Directions in development. Countries and regions
650 #0 - SUBJECT ADDED ENTRY--TOPICAL TERM
Topical Term Technological innovations
650 #0 - SUBJECT ADDED ENTRY--TOPICAL TERM
Topical Term Technology transfer
700 1# - ADDED ENTRY--PERSONAL NAME
Personal name Zhang, Chunlin,
710 2# - ADDED ENTRY--CORPORATE NAME
Corporate name or jurisdiction name as entry element World Bank.
856 41 - ELECTRONIC LOCATION AND ACCESS
Uniform Resource Identifier http://www.loc.gov/catdir/toc/fy0906/2009010819.html
942 ## - ADDED ENTRY ELEMENTS (KOHA)
Koha item type សៀវភៅភាសាអង់គ្លេស
952 ## - LOCATION AND ITEM INFORMATION (KOHA)
Withdrawn status [LOCAL, KOHA] 0
Holdings
Permanent Location Date acquired Koha item type Lost status Shelving location Barcode Current Location Full call number
Library Block A2017-11-01សៀវភៅភាសាអង់គ្លេស A072A07381Library Block A338 WOR 2009 A072 Or.
មជ្ឈមណ្ឌលឯការនៃសាកលវិទ្យាល័យភូមិន្ទកសិកម្មចំការដូង

Powered by Koha